000 00637nam a2200217Ia 4500
003 GCL
005 20240530101900.0
008 140319s9999 xx 000 0 ara d
040 _aGCL /
_cGCL
082 0 4 _a370.1
_bم ن
100 1 _aمحمد محمود الدش
245 1 0 _aنحو قيم جديدة فى التربية /
_cمحمد محمود الدش
260 _a[S.N] :
_bالهيئة المصرية العامة للكتاب ،
_c1987
300 _a169 ص
650 0 4 _aالتعليم
650 0 4 _aالتربية
650 0 4 _aفلسفة
650 0 4 _aنظريات
650 0 4 _aالاجتماع
942 _2ddc
_cBK
999 _c28432
_d28432